000
00338 a2200133 4500
000
nam a22 7a 4500
100
_a
Mookerji Radha Kumud
110
_a
Mookerji Radha Kumud
245
_a
ChandraGupta Maurya and His Times
250
_a
latest edition
260
_b
Nation Press
_c
2026
264
_b
Nation Press
_c
2026
942
_c
BK
999
_c
395514
_d
395514